Impact of the Use of a Mobile Digital Key on Performance in Accommodation Facilities

Digitalizácia procesov a produktov podnikov cestovného ruchu. Význam využívania technologických inovácií pre ubytovacie zariadenia. Používanie a spokojnosť klientov s mobilným digitálnym kľúčom. Vzťah medzi výkonom a používaním mobilného digitálneho kľúča v ubytovacích zariadeniach.

Saved in:
Bibliographic Details
Main Author: Benešová, Dana, 1958-
Other Authors: Lifenko, Karyna
Format: Book Chapter
Language:English
Subjects:
Tags: Add Tag
No Tags, Be the first to tag this record!

MARC

LEADER 00000naa$a2200000$$$4500
001 0288392
005 20240502083921.7
041 0 |a eng 
044 |a CZ 
245 1 0 |a Impact of the Use of a Mobile Digital Key on Performance in Accommodation Facilities  |c Dana Benešová, Karyna Lifenko 
520 |a Digitalizácia procesov a produktov podnikov cestovného ruchu. Význam využívania technologických inovácií pre ubytovacie zariadenia. Používanie a spokojnosť klientov s mobilným digitálnym kľúčom. Vzťah medzi výkonom a používaním mobilného digitálneho kľúča v ubytovacích zariadeniach. 
610 2 0 |a inovácie technologické 
610 2 0 |a telefón mobilný 
610 2 0 |a aplikácie mobilné 
610 2 0 |a digitalizácia 
610 2 0 |a ruch cestovný 
610 2 0 |a zariadenia ubytovacie 
100 1 |a Benešová, Dana, 1958- 
700 1 |a Lifenko, Karyna